| 000 | 00696cab a2200277 4500 | ||
|---|---|---|---|
| 001 | ABS60502 | ||
| 008 | 090401t1999 xxu||||| |||| 00| 0 eng d | ||
| 035 | _a(Sirsi) u93195 | ||
| 041 | _aeng | ||
| 100 | _aMcLaughlin, A. | ||
| 245 | _aHousing market - economic report | ||
| 260 | _c1999 | ||
| 350 | _a0 | ||
| 490 |
_aEstate Agent _vApril/May 1999, 15-18(4) |
||
| 650 | _aECONOMY | ||
| 650 | _aFORECASTS | ||
| 650 | _aHOUSE PRICES | ||
| 650 | _aHOUSING MARKET | ||
| 650 | _aINTEREST RATES | ||
| 650 | _aMIRAS | ||
| 650 | _aMORTGAGE RATES | ||
| 650 | _aTRANSACTIONS | ||
| 690 | _aPROPERTY-RESIDENTIAL PROPERTY-RESIDENTIAL PROPERTY MARKET | ||
| 942 | _n0 | ||
| 948 | _c07/05/1999 | ||
| 999 |
_c59071 _d59071 |
||